heartland characters - Statistics

General Stats
  • This quiz has been taken 371 times
  • The average score is 4 of 7
Answer Stats
Hint Answer % Correct
horse whisperer amy
99%
new yorkie lou
84%
vet scott
74%
bpl gas peter
33%
bad boy tie
28%
chatter box malorie
20%
gramps grandpa
18%
No matching quizzes found
Score Distribution
Percent of People with Each Score
Percentile by Number Answered
Your Score History
You have not taken this quiz